000 00783cam a2200229 4500
001 ABS61347
008 000000n1999 000 0 eng u
035 _a(Sirsi) u100710
100 _aBenyon, L.
245 _aNo longer an insular peninsula
260 _c1999
490 _aProperty Week
_v64(37) 24 September 1999, 30-32(3)
520 _aArticle discusses the flourishing property markets in Spain and Portugal. Case study of Quinta da Fonte Office Park, Lisbon. Statistics.
590 _aABS
650 _aPORTUGAL
650 _aSPAIN
650 _aPROPERTY MARKETS
650 _aINVESTMENT MARKET
650 _aPROPERTY-COMMERCIAL PROPERTY-RETAIL PROPERTY-RETAIL PROPERTY MARKET
690 _aPROPERTY-COMMERCIAL PROPERTY-COMMERCIAL PROPERTY MARKET
942 _n0
999 _c60223
_d60223